NBA 2024 Playoffs Starters - Statistics

General Stats
  • This quiz has been taken 62 times
  • The average score is 58 of 80
Answer Stats
Answer % Correct
S. Gilgeous-Alexander
96%
Jalen Williams
94%
LeBron James
94%
Anthony Davis
90%
Derrick White
90%
Jason Tatum
90%
Luguentz Dort
90%
Luka Dončić
90%
Nikola Jokić
90%
Austin Reaves
88%
Chet Holmgren
88%
Jalen Brunson
88%
Jamal Murray
88%
Jaylen Brown
88%
Kevin Durant
88%
Joel Embiid
86%
Josh Hart
86%
Jrue Holiday
86%
Tyrese Haliburton
86%
Al Horford
84%
Donovan Mitchell
84%
Aaron Gordon
82%
Anthony Edwards
82%
Bam Adebayo
82%
Devin Booker
82%
James Harden
82%
Karl Anthony-Towns
82%
Micheal Porter Jr.
82%
Tyrese Maxey
82%
K. Caldwell-Pope
80%
Tyler Herro
80%
C. J. McCollum
78%
Kyrie Irving
78%
Pascal Siakam
78%
Paul George
78%
Rudy Gobert
78%
Brandon Ingram
76%
Damian Lillard
76%
Darius Garland
76%
Evan Mobley
76%
Grayson Allen
76%
Ivica Zubac
76%
Jarrett Allen
76%
Myles Turner
76%
Paolo Banchero
76%
Daniel Gafford
74%
Isaiah Hartenstein
74%
Mike Conley
74%
Franz Wagner
72%
Jusuf Nurkić
72%
O.G. Anunoby
72%
Bradley Beal
70%
Brook Lopez
70%
Jaden McDaniels
70%
Jalen Suggs
70%
Max Strus
70%
Rui Hachimura
70%
D'Angelo Russell
68%
Khris Middleton
68%
Andrew Nembhard
66%
Derrick Jones Jr.
66%
Donte DiVincenzo
66%
Herbert Jones
66%
P.J. Washington
66%
Bobby Portis
62%
Jonas Valančiūnas
62%
Aaron Nesmith
60%
Gary Harris
58%
Tobias Harris
58%
Wendell Carter Jr.
56%
Josh Giddey
52%
Kelly Oubre Jr.
52%
Trey Murphy III
50%
Kyle Lowry
46%
Jaime Jaquez Jr.
38%
Terance Mann
30%
Caleb Martin
26%
Nikola Jović
18%
Patrick Beverley
18%
Amir Coffey
12%
No matching quizzes found
Score Distribution
Percent of People with Each Score
Percentile by Number Answered
Your Score History
You have not taken this quiz